Quizzes
Events
Quiz Creation
Community
Videos
Private Events
Remove Ads
Sign In
Join for FREE
Feedback
Dark Mode
Quiz Categories
Sports
Geography
Music
Movies
Television
Just For Fun
Miscellaneous
History
Literature
Language
Science
Gaming
Entertainment
Religion
Holiday
For Kids
Quiz Lab
Recent
Popular Today
Quiz Kudos Today
Editor Picks
Curator Picks
Quizzes by...
Day
Popularity
Type
Ratings
Length
Year
Community
Subscriptions
Recent Discussions
Orange Saloon
Badges
Playlists
Quests
Create
Leaderboards
Showdown
Live 5
Trivia Bingo
Activity
Puzzle Library
Sporcle Events
Private Events
Virtual Trivia
Globe League
Become a Host
Pub Owners
SporcleCon
Opinionation
Our Games
Videos
Blog
Mobile Apps
Partnerships
Remove Ads and Go Orange
Feedback
Sports
Athletes
MLB
NBA
NHL
NFL
Soccer
Sports Teams
WWE
NCAA
Football
Premier League
Basketball
Baseball
Hockey
Golf
Tennis
Cricket
Rugby
Auto Racing
Olympics
World Cup
Sports
Athletes
MLB
NBA
NHL
NFL
Soccer
Sports Teams
WWE
NCAA
Football
Premier League
Basketball
Baseball
Hockey
Golf
Tennis
Cricket
Rugby
Auto Racing
Olympics
World Cup
Random Quiz
Search Sporcle
×
Quiz Lab
Quiz Lab
Sports
Receiver
Type in answers that appear in a list
Type in answers that appear in a list
Classic
Best Score? Go Orange.
Drew Bledsoe Receiver TD Leaders Stats
Can you name the Drew Bledsoe Receiver TD Leaders?
By
DaCollins33
5m
45 Questions
869 Plays
869 Plays
869 Plays
Comments
Comments
Give Quiz Kudos
Give Quiz Kudos
-
- Ratings
hide this ad
Replay
Link that replays current quiz
Next Quiz
Link to next quiz in quiz playlist
You Got
0%
They Got
Avg Score
19%
Avg Friend Score
Upgrade to see
Score Distribution
Jump to the score distribution portion of the page
Score
0/45
Timer
05:00
0
Plays Today
Player
% Correct
Terrell Owens
72.8%
Terry Glenn
72.2%
Troy Brown
71.8%
Ben Coates
56.5%
Keyshawn Johnson
51.9%
Jason Witten
51%
Lee Evans
47.4%
Eric Moulds
45.6%
Kevin Faulk
41.2%
Curtis Martin
41%
Josh Reed
32.3%
Patrick Crayton
29.1%
Peerless Price
29%
David Patten
26.4%
Shawn Jefferson
22.3%
Travis Henry
19.2%
Vincent Brisby
17%
Robert Edwards
17%
Hason Graham
12.1%
Sam Gash
10.8%
Keith Byars
9.6%
Dave Meggett
8.9%
Jermaine Wiggins
8.1%
Player
% Correct
Michael Timpson
6.4%
Kevin Turner
6.2%
Leroy Thompson
5.8%
Terry Allen
5.8%
Dave Moore
5.6%
Rod Rutledge
5.6%
Will Moore
5.6%
Mark Campbell
5.4%
Daniel Campbell
5.4%
Marv Cook
5.3%
J.R. Redmond
4.9%
Tony Simmons
4.5%
Ray Crittenden
3.7%
Bobby Shaw
3.6%
Eric Bjornson
1.6%
Lamont Warren
1.5%
Mike Bartrum
1.4%
Greg McMurtry
1.3%
Derrick Cullors
1.2%
Lovett Purnell
1%
Tim Euhus
0.9%
Lousaka Polite
0.7%
Quiz Playlist
Details
Report
Send in Message
Add To Playlist
Classic:
Type in answers that appear in a list
Quiz Source
Last Updated: Feb 16, 2017
Quiz Scoreboard
CHALLENGE
Sign Up to Join the Scoreboard
Show All
Scores
Hide
Comments
May contain spoilers
Recently Published
TV Characters by Other Roles V
by ghcgh
Television
5m
Decade Duel: World Leaders
by jenniferyan
History
4m
Alphabetical 'K' Countries by Flag Minefield
by ylime102
Geography
3m
More to Explore
Quiz From the Vault
Featured Blog Post
15 Basketball Trivia Facts You Can Be March Mad About
hide this ad
You Might Also Like...
Tags
Drew
Player
Receiver
TD Leaders
Today's Top Quizzes in Sports
Browse Sports
hide this ad
Today's Top Quizzes in Receiver
Browse Receiver
Top Contributed Quizzes in Sports
1
Les joueurs à 100 buts en Ligue 1 Uber Eats
2
2022 World Cup Stars
3
Pick 6: NFL Teams
4
MLB 2 truths and a lie: Hall of Fame pitchers
5
Pick 6: Minor League Baseball
6
Millionaire: NBA Finals Edition
7
Pick 6: Olympics
8
Click the 1998 NBA Draft
9
Criteria MLB: Left Handed Sluggers
10
NBA Logic Puzzle 2.0
Explore More
Trending Topics
Marvel
Disney
Kpop
Anime
Crossword
Harry Potter
NBA
Soccer
The Office
Pokémon
WWE
Country
Puzzle
NFL
Song
hide this ad
More By:
DaCollins33
Quiz
Plays
Rating
Category
Featured
Created
MLB Kenny Lofton Teams
129,632
4.02
Sports
Sep 30, 2009
Drew Bledsoe Receiver TD Leaders
869
4.67
Sports
Dec 18, 2009
Boston Celtics 1st Round Draft Picks
798
4.80
Sports
Sep 30, 2009
Active Texas Longhorns in the NFL
601
3.00
Sports
Sep 30, 2009
NBA 2008-2009 Statistical Leaders
533
Sports
Sep 30, 2009
Go to Creator's Profile
Score Distribution
Quiz Creator Spotlight
DaCollins33
Follow
Send a Message
Quizzes Created
-
Created Quiz Play Count
-
More By This Creator
Popular Quizzes Today
1
Countries of Asia Without Outlines Minefield
2
Find the US States - No Outlines Minefield
3
Pick 6: Fruits
4
The Countries of the World
5
Alphabetical 'K' Countries by Flag Minefield
6
Find the Countries of Europe - No Outlines Minefield
7
US States
8
Find the US States
More Sports Quizzes
MLB Batting Leaders (2010s)
Editor's Pick
Trending Quizzes
Pick 6: Mountains
Pick 6: Harry Potter
Pick 6: Flags
Pick 6: NFL Teams
Pick 6: Movie Franchises
Recently Updated
Adaptations: Name the Title
pecheneg
NWSL Teams
pecheneg
Women's Final Four Teams by Year
bhenderson79
Presidents Quartet II
eogle
Anything But Clue(do)
eogle
Anything But Oceanian Capitals
eogle
Anything But 7
eogle
Anything But Thing
eogle
Word Ladder: February 29
pecheneg
Song Title Questions
pecheneg
Trending Topics
Harry Potter
Anime
NBA
Crossword
Kpop
Disney
Marvel
NFL
Soccer
Song
Puzzle
The Office
WWE
Pokémon
Country
Your Account Isn't Verified!
In order to create a playlist on Sporcle, you need to verify the email address you used during registration. Go to your
Sporcle Settings
to finish the process.
Report this User
Report this user for behavior that violates our
Community Guidelines
.
Details:
Send Report
Go to the Sporcle.com Mobile Site →
Comments